书目信息 |
| 题名: |
组织行为与领导艺术
|
|
| 作者: | 石国兴 , 史晓燕 主编 | |
| 分册: | ||
| 出版信息: | 北京 中国经济出版社 2002.01 |
|
| 页数: | 248页 | |
| 开本: | 20cm | |
| 丛书名: | 经济管理人员知识更新丛书 | |
| 单 册: | ||
| 中图分类: | F27 | |
| 科图分类: | ||
| 主题词: | 企业经济 | |
| 电子资源: | ||
| ISBN: | 7-5017-5266-4 | |
| 000 | 00739nam0 2200241 450 | |
| 001 | 0732022233 | |
| 005 | 20071215102346.06 | |
| 010 | @a7-5017-5266-4@dCNY15.00 | |
| 100 | @a20071120d2002 km y0chiy0120 ea | |
| 101 | 0 | @achi |
| 102 | @aCN@b110000 | |
| 200 | 1 | @a组织行为与领导艺术@Azu zhi xing wei yu ling dao yi shu@f石国兴,史晓燕主编@Fshi guo xing,shi xiao yan zhu bian |
| 210 | @a北京@c中国经济出版社@d2002.01 | |
| 215 | @a248页@d20cm | |
| 225 | 2 | @a经济管理人员知识更新丛书 |
| 410 | 0 | @12001 @a经济管理人员知识更新丛书 |
| 606 | 0 | @a企业经济 |
| 690 | @aF27@v4 | |
| 701 | 0 | @a石国兴@Ashi guo xing@4主编 |
| 701 | 0 | @a史晓燕@Ashi xiao yan@4主编 |
| 801 | 0 | @aCN@bNISOFT@c20071215 |
| 905 | @aBZT@dF27@e10 | |
| 906 | @dCNY15.00@n0@r1 | |
| 组织行为与领导艺术/石国兴,史晓燕主编.-北京:中国经济出版社,2002.01 |
| 248页;20cm.-(经济管理人员知识更新丛书) |
| ISBN 7-5017-5266-4:CNY15.00 |
| ● |
| 相关链接 |
|
|
|
正题名:组织行为与领导艺术
索取号:F27/10
 
预约/预借
| 序号 | 登录号 | 条形码 | 馆藏地/架位号 | 状态 | 备注 |
| 1 | 610100 | 2000610100 | 中心书库北库/ 北库009架A面5列2层22/ [索取号:F27/10] | 在馆 | |
| 2 | 610101 | 2000610101 | 中心书库北库/ 北库009架A面5列2层28/ [索取号:F27/10] | 在馆 | |
| 3 | 610102 | 2000610102 | 中心书库北库/ 北库009架A面5列2层26/ [索取号:F27/10] | 在馆 | |
| 4 | 610103 | 2000610103 | 中心书库北库/ 北库009架A面5列2层23/ [索取号:F27/10] | 在馆 | |
| 5 | 610104 | 2000610104 | 中心书库北库/ 北库009架A面5列2层29/ [索取号:F27/10] | 在馆 | |
| 6 | 610105 | 2000610105 | 中心书库北库/ 北库009架A面5列2层24/ [索取号:F27/10] | 在馆 | |
| 7 | 610106 | 2000610106 | 中心书库北库/ 北库009架A面5列2层21/ [索取号:F27/10] | 在馆 | |
| 8 | 610107 | 2000610107 | 中心书库北库/ 北库009架A面5列2层30/ [索取号:F27/10] | 在馆 | |
| 9 | 610108 | 2000610108 | 中心书库北库/ 北库009架A面5列2层27/ [索取号:F27/10] | 在馆 | |
| 10 | 610109 | 2000610109 | 中心书库北库/ 北库009架A面5列2层25/ [索取号:F27/10] | 在馆 |